书目信息 |
| 题名: |
家用电脑故障自查自修改450问
|
|
| 作者: | 陈玉辉 编著 | |
| 分册: | ||
| 出版信息: | 上海 上海交通大学出版社 1997.11 |
|
| 页数: | 313页 | |
| 开本: | 26cm | |
| 丛书名: | 《家用电脑用户答疑系列》 | |
| 单 册: | ||
| 中图分类: | TP307 | |
| 科图分类: | ||
| 主题词: | 计算技术 , 电子计算机 | |
| 电子资源: | ||
| ISBN: | 7-313-01841-X | |
| 000 | 00711nam0 2200229 450 | |
| 001 | 0532837532 | |
| 005 | 20051208084119.07 | |
| 010 | @a7-313-01841-X@dCNY21.20 | |
| 100 | @a20051206d1997 km y0chiy0120 ea | |
| 101 | 0 | @achi |
| 102 | @aCN@b310000 | |
| 200 | 1 | @a家用电脑故障自查自修改450问@Ajia yong dian nao gu zhang zi cha zi xiu gai 450 wen@f陈玉辉等编著@Fchen yu hui deng bian zhu |
| 210 | @a上海@c上海交通大学出版社@d1997.11 | |
| 215 | @a313页@d26cm | |
| 225 | 2 | @a《家用电脑用户答疑系列》 |
| 410 | 0 | @12001 @a《家用电脑用户答疑系列》 |
| 606 | 0 | @a计算技术 |
| 606 | 0 | @a电子计算机 |
| 690 | @aTP307@v4 | |
| 701 | 0 | @a陈玉辉@Achen yu hui@4编著 |
| 801 | 0 | @aCN@bPFT@c20051208 |
| 905 | @aBZT@dTP307@e1@f1 | |
| 家用电脑故障自查自修改450问/陈玉辉等编著.-上海:上海交通大学出版社,1997.11 |
| 313页;26cm.-(《家用电脑用户答疑系列》) |
| ISBN 7-313-01841-X:CNY21.20 |
| ● |
| 相关链接 |
|
|
|
正题名:家用电脑故障自查自修改450问
索取号:TP307/1
 
预约/预借
| 序号 | 登录号 | 条形码 | 馆藏地/架位号 | 状态 | 备注 |
| 1 | 0441438 | 201302367 | 样本书库/样005架B面1层2列/ [索取号:TP307/1] | 在馆 |